000 00430nam a22001817a 4500
003 MPLRDC
005 20220104125016.0
008 210129b ||||| |||| 00| 0 eng d
082 _a857.9 CRB-30
100 _a曹若冰
245 _a浪子白如龙
_c
250 _a初版
260 _a
_b武林出版社
_c1981
300 _b
490 _a曹若冰武侠专辑
650 _a武侠小说
942 _cBK
_o857.9 CRB-30
999 _c23907
_d23897